|
|
|
|
| LEADER |
00000nam a2200000 a 4500 |
| 001 |
vtls001336404 |
| 003 |
SK-MaSNL |
| 005 |
20260301114507.0 |
| 008 |
240314s1998 xo ap r 0yy0 slo |
| 015 |
|
|
|a SNBA1998/11-03911
|
| 020 |
|
|
|a 8085342146
|
| 035 |
|
|
|a SNK000289391
|
| 035 |
|
|
|a urn:nbn:sk:snk-amkhyb
|
| 035 |
|
|
|a urn:nbn:sk:snk-am008gyk
|
| 035 |
|
|
|a FD092031-7D59-47F2-BA97-572749308F66
|
| 040 |
|
|
|a SNK
|b slo
|c SNK
|e AACR2
|
| 041 |
0 |
|
|a slo
|
| 044 |
|
|
|a xo
|c SK
|
| 080 |
|
|
|a 616.61:617.5(035)
|2 1981
|
| 080 |
|
|
|a 617.5(035)
|2 1981
|
| 100 |
1 |
|
|a Grandtnerová, Barbara
|4 aut
|9 11930
|
| 245 |
1 |
0 |
|a Včasná starostlivosť o pacienta s transplantovanou obličkou
|c Barbara Grandtnerová
|
| 260 |
|
|
|a Banská Bystrica
|b Enterprise
|c 1998
|
| 300 |
|
|
|a 103 s.
|b grafy, tab.
|c 21 cm
|
| 504 |
|
|
|a Bibliogr. odkazy. Res. angl. a nem.
|
| 650 |
0 |
7 |
|a obličky
|2 SNKPH
|9 14814
|
| 650 |
0 |
7 |
|a transplantácia obličky
|2 SNKPH
|9 31333
|
| 655 |
|
7 |
|a príručky
|2 SNKPH
|9 74364
|
| 919 |
|
|
|a 80-85342-14-6
|
| 958 |
|
|
|a TL
|
| 958 |
|
|
|a NB
|
| 999 |
|
|
|c 718608
|d 720538
|
| 952 |
|
|
|t P60, <03>, [BOOK], {603}
|a SNK
|b SNK
|y PREZ
|7 0
|p 17A0147697
|o snkSC 96303
|i snkKSP 7172/98
|0 0
|1 0
|4 0
|d 1998-07-10
|f 1
|l 0
|r 2025-09-16 00:00:00
|w 2026-02-23
|
| 952 |
|
|
|a SNK
|b SNK
|y VYP
|7 0
|p 17A0471031
|o snkSC 96303 D2
|i snk2005/8386
|8 5
|0 0
|1 0
|4 0
|d 1998-07-10
|l 0
|r 2005-01-02 00:00:00
|w 2026-02-23
|
| 952 |
|
|
|t P60, <04>, [BOOK], {604}
|a SNK
|b SNK
|y VYP
|7 0
|p 17A0147696
|o snkSC 96303 D1
|i snkKSP 7173/98
|0 0
|1 0
|4 0
|d 1998-07-10
|l 0
|r 2005-01-02 00:00:00
|w 2026-02-23
|